LIBRARY & INFORMATION CENTRE, KCAET, TAVANUR

ONLINE PUBLIC ACCESS CATALOGUE (OPAC)

Normal view MARC view
  • Johnson Kenneth

Entry Personal Name

Number of records used in: 1

001 - CONTROL NUMBER

  • control field: 298

003 - CONTROL NUMBER IDENTIFIER

  • control field: OSt

005 - DATE AND TIME OF LATEST TRANSACTION

  • control field: 20160606152157.0

008 - FIXED-LENGTH DATA ELEMENTS

  • fixed length control field: 160606|| aca||aabn | a|a d

040 ## - CATALOGING SOURCE

  • Original cataloging agency: OSt
  • Transcribing agency: OSt

100 ## - HEADING--PERSONAL NAME

  • Personal name: Johnson Kenneth

670 ## - SOURCE DATA FOUND

  • Source citation: Work cat.: (OSt): Hand Book of Irrigation And Drainage Systems: Management, Operation and Maintenance, 2013
free website counter